书目信息 |
| 题名: |
教师
|
|
| 作者: | 麦克尤恩, 著 ;王濛濛 译 | |
| 分册: | ||
| 出版信息: | 哈尔滨 黑龙江教育出版社 2021.08 |
|
| 页数: | 164页 | |
| 开本: | 24cm | |
| 丛书名: | 世界前沿教育书系 | |
| 单 册: | ||
| 中图分类: | G459 | |
| 科图分类: | ||
| 主题词: | 学校教育--xue xiao jiao yu--合作--家庭--研究 | |
| 电子资源: | ||
| ISBN: | 978-7-5316-8742-9 | |
| 000 | 01020nam 2200289 450 | |
| 001 | 012001000830 | |
| 005 | 20140201084209.0 | |
| 010 | @a978-7-5316-8742-9@dCNY48.00 | |
| 099 | @aCAL 012016165255 | |
| 100 | @a20220905d2016 em y0chiy50 ea | |
| 101 | 0 | @achi@ceng |
| 102 | @aCN@b230000 | |
| 105 | @ay z 000yy | |
| 106 | @ar | |
| 200 | 1 | @a教师@Ajiao shi@e如何与问题家长相处@f(美) 伊莱恩·K.麦克尤恩著@d= How to deal with parents@fElaine K.McEwan@g王濛濛译@zeng |
| 210 | @a哈尔滨@c黑龙江教育出版社@d2021.08 | |
| 215 | @a164页@d24cm | |
| 225 | 2 | @a世界前沿教育书系@Ashi jie qian yan jiao yu shu xi |
| 410 | 0 | @12001 @a世界前沿教育书系 |
| 510 | 1 | @aHow to deal with parents@zeng |
| 517 | 1 | @a如何与问题家长相处@Aru he yu wen ti jia chang xiang chu |
| 606 | 0 | @a学校教育@Axue xiao jiao yu@x合作@x家庭@x研究 |
| 690 | @aG459@v5 | |
| 701 | 1 | @a麦克尤恩,@Amai ke you en@g(McEwan, Elaine K.)@4著 |
| 702 | 0 | @a王濛濛@Awang meng meng@4译 |
| 801 | 0 | @aCN@bAHXH@c20221111 |
| 905 | @b1365152-6@dG459@e524@f5 | |
| 教师:如何与问题家长相处/(美) 伊莱恩·K.麦克尤恩著= How to deal with parents/Elaine K.McEwan/王濛濛译.-哈尔滨:黑龙江教育出版社,2021.08 |
| 164页;24cm.-(世界前沿教育书系) |
| ISBN 978-7-5316-8742-9:CNY48.00 |
| ● |
| 相关链接 |
|
|
|
|
正题名:教师
索取号:G459/524
 
预约/预借
| 序号 | 登录号 | 条形码 | 馆藏地/架位号 | 状态 | 备注 |
| 1 | 1365152 | 213651528 | 第一样本阅览室/ [索取号:G459/524] | 在馆 | |
| 2 | 1365153 | 213651537 | 教育系资料室/ [索取号:G459/524] | 在馆 | |
| 3 | 1365154 | 213651546 | 教育系资料室/ [索取号:G459/524] | 在馆 | |
| 4 | 1365155 | 213651555 | 第四借阅区/ [索取号:G459/524] | 在馆 | |
| 5 | 1365156 | 213651564 | 第四借阅区/ [索取号:G459/524] | 在馆 |